Cities in the Midwest with 100,000 People - Statistics

General Stats
  • This quiz has been taken 34 times
  • The average score is 39 of 47
Answer Stats
Hint Answer % Correct
IL Chicago
100%
OH Cincinnati
100%
OH Columbus
100%
MI Detroit
100%
IN Indianapolis
100%
NE Lincoln
100%
WI Madison
100%
NE Omaha
100%
MN St Paul
100%
KS Wichita
100%
OH Cleveland
97%
IA Des Moines
97%
MO Kansas City
97%
KS Kansas City
97%
WI Milwaukee
97%
MN Minneapolis
97%
MO Springfield
97%
IL Springfield
97%
MO St Louis
97%
OH Toledo
93%
ND Fargo
90%
MI Grand Rapids
90%
KS Topeka
90%
OH Akron
87%
IN Fort Wayne
87%
SD Sioux Falls
87%
OH Dayton
83%
MI Lansing
83%
IN South Bend
80%
IL Aurora
77%
IA Cedar Rapids
77%
WI Green Bay
77%
IL Joliet
73%
MI Ann Arbor
70%
IA Davenport
70%
IN Evansville
67%
IL Rockford
67%
KS Overland Park
63%
IL Peoria
63%
IL Naperville
60%
MN Rochester
60%
MO Independence
57%
KS Olathe
57%
MO Columbia
53%
MI Warren
53%
MI Sterling Heights
50%
IL Elgin
40%
No matching quizzes found
Score Distribution
Percent of People with Each Score
Percentile by Number Answered
Your Score History
You have not taken this quiz